000 00874nam a2200241 a 4500
001 000042883
005 20201002040454.0
008 140212s2013 dr 001 0 spa d
040 _aDO-SdBNP
_bspa
_cBNPHU
082 _a808.027
_bC614m
100 1 _aClase, Pablo,
_chijo
_970311
245 1 0 _aManual de estilo /
_cPablo Clase hijo.
246 1 3 _aManual de estilo del Listín Diario.
260 _aSanto Domingo :
_bListín Diario,
_c2013.
300 _a211 p. ;
_c21 cm.
590 _aLa biblioteca posee tres ejemplares autografiados por el autor.
590 _aInventariado, 2018/ YL
650 4 _aArte de escribir
_xManuales de estilo
_970312
650 4 _aProcesamiento de palabras
_xManuales de estilo
_970313
650 4 _aPeriodismo
_xArte de escribir
_927
730 0 _aListín Diario (República Dominicana)
_91199
910 _aValidado. Control de calidad EMS.
999 _c42372
_d42372